[Event "40th ECC Open 2025"]
[Site "Rhodes GRE"]
[Date "2025.10.20"]
[Round "2.43"]
[White "Alexakis, Dimitris"]
[Black "Erigaisi, Arjun"]
[Result "0-1"]
[WhiteTitle "IM"]
[BlackTitle "GM"]
[WhiteElo "2548"]
[BlackElo "2773"]
[WhiteTeam "Ippotis Rhodes chess club"]
[BlackTeam "Alkaloid"]
[WhiteFideId "4277023"]
[BlackFideId "35009192"]
[EventDate "2025.10.19"]
[EventType "team"]

1. e4 c5 2. Nf3 d6 3. d4 cxd4 4. Nxd4 Nf6 5. f3 e5 6. Nb3 Be7 7. c4 a5 8. Be3
O-O 9. Nc3 Nc6 10. Be2 Nh5 11. O-O Bg5 12. Bf2 a4 13. Nc1 f5 14. exf5 a3 15. b3
Nf4 16. Nb5 Bxf5 17. Nxd6 Qf6 18. c5 e4 19. Bc4+ Kh8 20. Nxf5 Qxf5 21. fxe4 Qxe4
22. Qf3 Qc2 23. Qd1 Qb2 24. Qg4 Ne5 25. Qxg5 Nh3+ 26. gxh3 Nf3+ 27. Kg2 Nxg5 28.
Nd3 Qe2 0-1

[Event "40th ECC Open 2025"]
[Site "Rhodes GRE"]
[Date "2025.10.20"]
[Round "2.44"]
[White "Wei, Yi"]
[Black "Patrelakis, Evaggelos"]
[Result "1-0"]
[WhiteTitle "GM"]
[BlackTitle "IM"]
[WhiteElo "2754"]
[BlackElo "2437"]
[WhiteTeam "Alkaloid"]
[BlackTeam "Ippotis Rhodes chess club"]
[WhiteFideId "8603405"]
[BlackFideId "4295102"]
[EventDate "2025.10.19"]
[EventType "team"]

1. d4 Nf6 2. Bf4 d5 3. e3 Bf5 4. Bd3 Bxd3 5. cxd3 e6 6. Qb3 b6 7. Nc3 Bd6 8.
Bxd6 Qxd6 9. Nf3 O-O 10. e4 Qe7 11. O-O Rd8 12. Rac1 c5 13. dxc5 bxc5 14. e5 Nh5
15. Na4 Nd7 16. Qa3 Qf8 17. g3 Rdc8 18. Rc2 f6 19. Re1 Rab8 20. b3 fxe5 21. Nxe5
Nxe5 22. Rxe5 Qf3 23. Qc1 Rf8 24. Nxc5 Nf4 25. gxf4 Rxf4 26. Rg5 Rg4+ 27. Rxg4
Qxg4+ 28. Kf1 Qf3 29. Ke1 Rf8 30. Qe3 Qh1+ 31. Ke2 e5 32. Ne6 d4 33. Qg3 1-0

[Event "40th ECC Open 2025"]
[Site "Rhodes GRE"]
[Date "2025.10.20"]
[Round "2.45"]
[White "Krallis, Christos"]
[Black "Yu, Yangyi"]
[Result "0-1"]
[WhiteTitle "FM"]
[BlackTitle "GM"]
[WhiteElo "2403"]
[BlackElo "2720"]
[WhiteTeam "Ippotis Rhodes chess club"]
[BlackTeam "Alkaloid"]
[WhiteFideId "4298896"]
[BlackFideId "8603820"]
[EventDate "2025.10.19"]
[EventType "team"]

1. e4 c5 2. Nf3 d6 3. Bb5+ Nd7 4. O-O a6 5. Bd3 Ngf6 6. Re1 b5 7. a4 b4 8. c3
Bb7 9. Bc2 Qc7 10. d4 cxd4 11. Nxd4 Rc8 12. Bg5 g6 13. Re3 e5 14. Nb3 h6 15. Bh4
h5 16. Re2 bxc3 17. Nxc3 Bh6 18. f3 O-O 19. Qd3 Rfe8 20. Bf2 Nf8 21. Rd1 Rcd8
22. a5 Rd7 23. Na4 Ne6 24. Qc3 Qb8 25. Qb4 Bf8 26. Nb6 Rc7 27. Qd2 Nf4 28. Ree1
d5 29. Bh4 Re6 30. g3 Nh3+ 31. Kg2 dxe4 32. fxe4 g5 33. Kxh3 gxh4 34. Qg5+ Bg7
35. gxh4 Rxb6 36. axb6 Rxc2 37. Qf5 Qe8 38. Rc1 Bc8 39. b7 Bxf5+ 40. exf5 Qb5 0-1

[Event "40th ECC Open 2025"]
[Site "Rhodes GRE"]
[Date "2025.10.20"]
[Round "2.46"]
[White "Aravindh, Chithambaram VR."]
[Black "Stamatiou, Rodolfos"]
[Result "1-0"]
[WhiteTitle "GM"]
[BlackTitle "FM"]
[WhiteElo "2711"]
[BlackElo "2275"]
[WhiteTeam "Alkaloid"]
[BlackTeam "Ippotis Rhodes chess club"]
[WhiteFideId "5072786"]
[BlackFideId "25826530"]
[EventDate "2025.10.19"]
[EventType "team"]

1. e4 c5 2. Nf3 d6 3. Bb5+ Nd7 4. O-O a6 5. Be2 Ngf6 6. d3 b5 7. a4 Bb7 8. Na3
bxa4 9. Nc4 Nb6 10. Na5 Bc8 11. e5 Nfd5 12. d4 e6 13. c4 Nb4 14. Bd2 dxe5 15.
Bxb4 exd4 16. Ba3 Qc7 17. Nxd4 cxd4 18. c5 Nd5 19. Qxa4+ Bd7 20. c6 Bc8 21. Bxf8
Rxf8 22. Qxd4 f6 23. Qh4 g5 24. Qe4 Nf4 25. Bc4 Rf7 26. Rfd1 Kf8 27. g3 Ng6 28.
b4 Kg7 29. Rac1 Rb8 30. Be2 f5 31. Qe3 f4 32. Qc5 e5 33. Rd6 Bh3 34. Bc4 Re7 35.
Bxa6 e4 36. Nc4 Rf8 37. b5 e3 38. g4 e2 39. Re1 Bxg4 40. b6 Qb8 41. Rxg6+ Kxg6
42. Qxe7 1-0

[Event "40th ECC Open 2025"]
[Site "Rhodes GRE"]
[Date "2025.10.20"]
[Round "2.47"]
[White "Sandalakis, Nikolaos"]
[Black "Ivic, Velimir"]
[Result "0-1"]
[WhiteTitle "CM"]
[BlackTitle "GM"]
[WhiteElo "2206"]
[BlackElo "2628"]
[WhiteTeam "Ippotis Rhodes chess club"]
[BlackTeam "Alkaloid"]
[WhiteFideId "4222890"]
[BlackFideId "950122"]
[EventDate "2025.10.19"]
[EventType "team"]

1. e4 c5 2. Nf3 Nc6 3. Bb5 g6 4. O-O Bg7 5. c3 a6 6. Bxc6 dxc6 7. d4 cxd4 8.
Nxd4 c5 9. Nb3 Qxd1 10. Rxd1 b6 11. Na3 Be6 12. Bf4 Nf6 13. f3 Nd7 14. Nc2 a5
15. Na3 a4 16. Nd2 O-O-O 17. Ndc4 Kb7 18. Rd2 b5 19. Ne3 b4 20. cxb4 cxb4 21.
Nac4 a3 22. e5 Nb6 23. Na5+ Ka6 24. Rxd8 Rxd8 25. Nc6 axb2 26. Rb1 Na4 27. Nxd8
Bxa2 28. Rf1 b1=Q 29. Rxb1 Bxb1 30. Nc6 b3 31. Nd5 b2 0-1

[Event "40th ECC Open 2025"]
[Site "Rhodes GRE"]
[Date "2025.10.20"]
[Round "2.48"]
[White "Puranik, Abhimanyu"]
[Black "Frendzas, Panayotis"]
[Result "1-0"]
[WhiteTitle "GM"]
[BlackTitle "IM"]
[WhiteElo "2615"]
[BlackElo "2179"]
[WhiteTeam "Alkaloid"]
[BlackTeam "Ippotis Rhodes chess club"]
[WhiteFideId "5061245"]
[BlackFideId "4200420"]
[EventDate "2025.10.19"]
[EventType "team"]

1. e4 e5 2. Nf3 Nc6 3. Bb5 a6 4. Ba4 Nf6 5. O-O Nxe4 6. d4 Be7 7. Re1 b5 8. Rxe4
d5 9. Nxe5 Nxe5 10. Rxe5 bxa4 11. Qe2 c6 12. b3 Ra7 13. Ba3 Be6 14. Bxe7 Qxe7
15. Nc3 axb3 16. axb3 O-O 17. Na4 Qb4 18. Qe3 g6 19. Nc5 Bf5 20. c3 Qb6 21. Re1
f6 22. Re8 Rf7 23. f3 Qa7 24. Qf4 Kg7 25. Rxf8 1-0

[Event "40th ECC Open 2025"]
[Site "Rhodes GRE"]
[Date "2025.10.20"]
[Round "2.49"]
[White "Keymer, Vincent"]
[Black "Noe, Christopher"]
[Result "1-0"]
[WhiteTitle "GM"]
[BlackTitle "GM"]
[WhiteElo "2755"]
[BlackElo "2513"]
[WhiteTeam "Novy Bor"]
[BlackTeam "De Sprenger Echternach"]
[WhiteFideId "12940690"]
[BlackFideId "24692018"]
[EventDate "2025.10.19"]
[EventType "team"]

1. Nf3 d5 2. g3 Nf6 3. Bg2 g6 4. c4 c6 5. b3 Bg7 6. Bb2 O-O 7. O-O Bg4 8. d4
Nbd7 9. Nbd2 a5 10. a4 Qb6 11. Rc1 Rfc8 12. Ne1 Bf5 13. e3 Ne4 14. Nxe4 Bxe4 15.
Bh3 Qd8 16. Ba3 Bf8 17. f3 Bf5 18. g4 Be6 19. Nd3 Bh6 20. Qe2 f6 21. f4 Bg7 22.
e4 dxc4 23. bxc4 Bf7 24. e5 Nf8 25. Qe3 Ne6 26. Bb2 Nc7 27. f5 b5 28. e6 Be8 29.
Nc5 bxc4 30. Rxc4 Nd5 31. Qd2 Rcb8 32. Ba3 Qd6 33. Bg2 Rb6 34. Be4 Rab8 35. Qd3
Nb4 36. Qh3 Qd8 37. Qg3 Qd6 38. Bc1 Qxg3+ 39. hxg3 Nd5 40. Rc2 Nb4 41. Rh2 Nd5
42. Rc2 Nb4 43. Rc4 Nd5 44. Nd7 Rd8 45. Nxb6 Nxb6 46. Rc2 1-0

[Event "40th ECC Open 2025"]
[Site "Rhodes GRE"]
[Date "2025.10.20"]
[Round "2.50"]
[White "Sumets, Andrey"]
[Black "Harikrishna, Pentala"]
[Result "1-0"]
[WhiteTitle "GM"]
[BlackTitle "GM"]
[WhiteElo "2520"]
[BlackElo "2697"]
[WhiteTeam "De Sprenger Echternach"]
[BlackTeam "Novy Bor"]
[WhiteFideId "14105500"]
[BlackFideId "5007003"]
[EventDate "2025.10.19"]
[EventType "team"]

1. d4 Nf6 2. Nf3 e6 3. c4 b6 4. g3 Ba6 5. b3 Bb4+ 6. Bd2 Be7 7. Bg2 d5 8. cxd5
exd5 9. O-O O-O 10. Nc3 Re8 11. Rc1 Nbd7 12. Rc2 Nf8 13. Bc1 c5 14. dxc5 bxc5
15. Ne1 Ne6 16. Nd3 Rc8 17. Re1 Bf8 18. Bh3 d4 19. Na4 Qd5 20. Bg2 Qf5 21. Nab2
Ne4 22. Nc4 N6g5 23. f3 Nc3 24. e4 Nh3+ 25. Bxh3 Qxh3 26. Qd2 Bxc4 27. bxc4 Qe6
28. Nf4 Qxc4 29. Nd5 Qa6 30. Nxc3 dxc3 31. Qxc3 Red8 32. Qc4 Qf6 33. Kg2 Rd4 34.
Qe2 Qe6 35. Be3 Ra4 36. Qd2 c4 37. Rec1 h6 38. Bf2 Ra3 39. Qd5 Qf6 40. e5 Qa6
41. Rxc4 Rxc4 42. Qxc4 Qxc4 43. Rxc4 Rxa2 44. Rc8 g6 45. f4 Kg7 46. Kf3 Ra4 47.
Rc7 Kg8 48. Bxa7 h5 49. Rd7 Ra6 50. Bd4 Ra8 51. Ke4 Re8 52. h3 Rc8 53. g4 hxg4
54. hxg4 Bc5 55. Bb2 Kf8 56. Rb7 Ke8 57. f5 gxf5+ 58. gxf5 Ra8 59. Kd5 Bf8 60.
Bd4 Rd8+ 61. Ke4 Rd7 62. Rb3 Rd8 63. Rh3 Bb4 64. Bb6 Rd1 65. Rh8+ 1-0

[Event "40th ECC Open 2025"]
[Site "Rhodes GRE"]
[Date "2025.10.20"]
[Round "2.51"]
[White "Navara, David"]
[Black "Stork, Oliver"]
[Result "1-0"]
[WhiteTitle "GM"]
[BlackTitle "FM"]
[WhiteElo "2656"]
[BlackElo "2365"]
[WhiteTeam "Novy Bor"]
[BlackTeam "De Sprenger Echternach"]
[WhiteFideId "309095"]
[BlackFideId "12955728"]
[EventDate "2025.10.19"]
[EventType "team"]

1. e4 c5 2. Nf3 Nc6 3. c3 Nf6 4. e5 Nd5 5. Bc4 e6 6. O-O d6 7. d4 cxd4 8. cxd4
Be7 9. Qe2 O-O 10. Rd1 Nb6 11. Bb3 Bd7 12. Nc3 d5 13. Bc2 f5 14. exf6 Bxf6 15.
Ne5 Bxe5 16. dxe5 Qh4 17. f4 Be8 18. g3 Qh3 19. b3 Bh5 20. Qf1 Qxf1+ 21. Rxf1
Rac8 22. Ba3 Nd4 23. Bd1 Bxd1 24. Raxd1 Rf7 25. Rxd4 Rxc3 26. g4 g6 27. Rf2 Nd7
28. f5 gxf5 29. gxf5 Nxe5 30. fxe6 Rxf2 31. Kxf2 Rc2+ 32. Kf1 Ng6 33. Rxd5 Rxa2
34. e7 Nxe7 35. Bxe7 Rxh2 36. Rd7 Rb2 37. Rxb7 a5 38. Bf6 Rb1+ 39. Ke2 a4 40.
Rg7+ Kf8 41. bxa4 Rb6 42. Bc3 Rb3 43. Kd2 Rxc3 44. Kxc3 Kxg7 45. a5 1-0

[Event "40th ECC Open 2025"]
[Site "Rhodes GRE"]
[Date "2025.10.20"]
[Round "2.52"]
[White "Carafizi, Vasile"]
[Black "Grandelius, Nils"]
[Result "0-1"]
[WhiteTitle "FM"]
[BlackTitle "GM"]
[WhiteElo "2134"]
[BlackElo "2645"]
[WhiteTeam "De Sprenger Echternach"]
[BlackTeam "Novy Bor"]
[WhiteFideId "4002539"]
[BlackFideId "1710400"]
[EventDate "2025.10.19"]
[EventType "team"]

1. d4 Nf6 2. c4 e6 3. Nf3 b6 4. a3 Bb7 5. Nc3 Ne4 6. Nxe4 Bxe4 7. Nd2 Bb7 8. e4
g6 9. Bd3 Bg7 10. Nf3 O-O 11. h4 f5 12. exf5 gxf5 13. Bg5 Qe8 14. Qd2 Bxf3 15.
gxf3 Nc6 16. Rg1 Nxd4 17. Qe3 Kh8 18. Bh6 Nxf3+ 19. Ke2 Nxg1+ 20. Rxg1 Qh5+ 0-1

[Event "40th ECC Open 2025"]
[Site "Rhodes GRE"]
[Date "2025.10.20"]
[Round "2.53"]
[White "Anton Guijarro, David"]
[Black "Gnichtel, Gerd"]
[Result "1-0"]
[WhiteTitle "GM"]
[WhiteElo "2631"]
[BlackElo "2130"]
[WhiteTeam "Novy Bor"]
[BlackTeam "De Sprenger Echternach"]
[WhiteFideId "2285525"]
[BlackFideId "4637127"]
[EventDate "2025.10.19"]
[EventType "team"]

1. e4 c5 2. Nf3 Nc6 3. Bb5 e5 4. O-O d6 5. c3 a6 6. Bxc6+ bxc6 7. d4 cxd4 8.
cxd4 Qc7 9. Qc2 Bg4 10. Nbd2 Rc8 11. h3 Bxf3 12. Nxf3 Nf6 13. dxe5 dxe5 14. Rd1
Be7 15. b3 Nd7 16. Bb2 O-O 17. Qd3 Nc5 18. Qc4 Nd7 19. Qxa6 f6 20. Bc3 Ra8 21.
Qc4+ Kh8 22. a4 Rfd8 23. a5 Nf8 24. Nh4 Rd7 25. Nf5 Rad8 26. Rxd7 Rxd7 27. a6 1-0

[Event "40th ECC Open 2025"]
[Site "Rhodes GRE"]
[Date "2025.10.20"]
[Round "2.54"]
[White "Densing, Gerd"]
[Black "Bjerre, Jonas Buhl"]
[Result "0-1"]
[BlackTitle "GM"]
[WhiteElo "1817"]
[BlackElo "2629"]
[WhiteTeam "De Sprenger Echternach"]
[BlackTeam "Novy Bor"]
[WhiteFideId "24621013"]
[BlackFideId "1444948"]
[EventDate "2025.10.19"]
[EventType "team"]

1. d4 Nf6 2. Nf3 e6 3. e3 b6 4. Bd3 Bb7 5. O-O c5 6. b3 Nc6 7. Bb2 cxd4 8. exd4
Nb4 9. Be2 Be7 10. a3 Nbd5 11. Bd3 Nf4 12. Re1 Nxd3 13. Qxd3 O-O 14. Nbd2 Rc8
15. c4 d5 16. Rac1 Ne4 17. Rc2 Bf6 18. Ne5 dxc4 19. Nexc4 Nxd2 20. Qxd2 Qd5 21.
f3 Rfd8 22. Rd1 Ba6 23. Qb4 Bg5 24. Bc1 b5 25. Bxg5 Qxg5 26. Qa5 Bb7 27. Rd3 h6
28. h4 Qxh4 29. Qxb5 Qe1+ 30. Kh2 Rd5 31. Re3 Qh4+ 0-1

[Event "40th ECC Open 2025"]
[Site "Rhodes GRE"]
[Date "2025.10.20"]
[Round "2.55"]
[White "Feuerstack, Aljoscha"]
[Black "Van Foreest, Jorden"]
[Result "1/2-1/2"]
[WhiteTitle "IM"]
[BlackTitle "GM"]
[WhiteElo "2452"]
[BlackElo "2697"]
[WhiteTeam "FC St. Pauli"]
[BlackTeam "SuperChess"]
[WhiteFideId "4681932"]
[BlackFideId "1039784"]
[EventDate "2025.10.19"]
[EventType "team"]

1. d4 Nf6 2. c4 e6 3. g3 Bb4+ 4. Nd2 d5 5. Bg2 O-O 6. Nf3 b6 7. O-O Bb7 8. a3
Be7 9. cxd5 exd5 10. b4 a5 11. b5 a4 12. Ne5 c5 13. bxc6 Nxc6 14. Bb2 b5 15. Nd3
Qb6 16. Rc1 Rfc8 17. Bh3 Rc7 18. Nc5 Bc8 19. Bg2 Nxd4 20. Bxd4 Bxc5 21. Qc2 Bxd4
22. Qxc7 Qxc7 23. Rxc7 Bb2 24. Nb1 b4 25. axb4 Bf5 26. Nc3 Be6 27. b5 a3 28. b6
Rb8 29. Na4 Be5 30. Ra7 Nd7 31. Rc1 g6 32. b7 Kg7 33. Nc3 Bd6 34. Nxd5 Bc5 35.
Rxc5 Nxc5 36. Nb4 Rd8 37. h4 Nxb7 38. Bxb7 Rd1+ 39. Kh2 a2 40. Nxa2 Ra1 41. g4
Rxa2 42. Rxa2 Bxa2 43. g5 h6 44. Kg3 hxg5 45. hxg5 Kf8 46. Kf4 Ke7 47. Ke5 Bc4
48. e3 Bb5 49. Bd5 Bd7 50. e4 Bb5 51. f4 Bd7 52. Bb3 Bg4 53. f5 gxf5 54. Kf4 Be2
55. Kxf5 Bb5 56. e5 Bd3+ 57. Kg4 Be2+ 58. Kh4 Bf3 59. Bc4 Bd1 60. Kg3 Bc2 61.
Bd5 Ba4 62. Kg4 Bd1+ 63. Bf3 Bb3 64. Be4 Bd1+ 65. Kf4 Bb3 66. Bf5 Bc4 67. Kg4
Kf8 68. Kh5 1/2-1/2

[Event "40th ECC Open 2025"]
[Site "Rhodes GRE"]
[Date "2025.10.20"]
[Round "2.56"]
[White "Maghsoodloo, Parham"]
[Black "Krause, Benedict"]
[Result "1-0"]
[WhiteTitle "GM"]
[BlackTitle "IM"]
[WhiteElo "2697"]
[BlackElo "2419"]
[WhiteTeam "SuperChess"]
[BlackTeam "FC St. Pauli"]
[WhiteFideId "12539929"]
[BlackFideId "12917990"]
[EventDate "2025.10.19"]
[EventType "team"]

1. d4 Nf6 2. c4 g6 3. Nf3 Bg7 4. e3 O-O 5. Be2 c5 6. d5 d6 7. Nc3 e6 8. Nd2 exd5
9. cxd5 Na6 10. O-O Nc7 11. e4 Re8 12. a4 Rb8 13. f3 a6 14. a5 Bd7 15. Nc4 Bb5
16. Bg5 Bxc4 17. Bxc4 b5 18. axb6 Rxb6 19. f4 h6 20. Bxf6 Bxf6 21. e5 dxe5 22.
f5 g5 23. Ne4 Rd6 24. Qh5 Kg7 25. Rf3 Qe7 26. Rb3 Nb5 27. Rh3 Rh8 28. Bxb5 axb5
29. Nxd6 Qxd6 30. Ra7 Qxd5 31. Rd3 Qc4 32. Qg6+ Kf8 33. Qxf6 Qc1+ 34. Kf2 Qc2+
35. Ke1 Qc1+ 36. Rd1 1-0

[Event "40th ECC Open 2025"]
[Site "Rhodes GRE"]
[Date "2025.10.20"]
[Round "2.57"]
[White "Ertan, Can"]
[Black "Sarana, Alexey"]
[Result "0-1"]
[WhiteTitle "IM"]
[BlackTitle "GM"]
[WhiteElo "2351"]
[BlackElo "2661"]
[WhiteTeam "FC St. Pauli"]
[BlackTeam "SuperChess"]
[WhiteFideId "6306330"]
[BlackFideId "24133795"]
[EventDate "2025.10.19"]
[EventType "team"]

1. e4 c5 2. Nf3 d6 3. d4 cxd4 4. Nxd4 Nf6 5. Nc3 a6 6. f3 e5 7. Nb3 Be6 8. Be3
Nbd7 9. g4 Be7 10. Qd2 O-O 11. O-O-O b5 12. g5 Nh5 13. Kb1 Nb6 14. Na5 Qc7 15.
Nd5 Nxd5 16. exd5 Bf5 17. Nc6 f6 18. Rg1 fxg5 19. Bxg5 Bf6 20. Be3 g6 21. Bd3
Bxd3 22. Qxd3 Bg7 23. Bd2 Nf4 24. Qb3 Rf7 25. Rg4 Raf8 26. a4 bxa4 27. Qxa4 Nxd5
28. Ba5 Nb6 29. Bxb6 Qxb6 30. Rxd6 Kh8 31. Rd3 Rxf3 32. Rxf3 Rxf3 33. Rb4 Qg1+
34. Ka2 Qxh2 35. Ne7 e4 36. Rxe4 Qd6 37. Qc4 Rf8 38. Re6 Qd7 39. Qxa6 g5 40. Qe2
Qa4+ 41. Kb1 Qb4 42. Re5 Rb8 43. c4 Qd6 44. Rb5 Re8 45. Nf5 Qg6 46. Qd3 g4 47.
Rd5 Bf6 48. c5 Rb8 49. c6 Rxb2+ 50. Kc1 Qe8 51. Nd4 Rb8 52. Kd1 Rc8 53. Rd7 Qh5
54. Kc2 g3 55. c7 g2 56. Nf3 Qc5+ 57. Kd2 Bg5+ 58. Nxg5 Qxg5+ 59. Kc2 Qc5+ 60.
Kd2 Qa5+ 61. Ke2 Qa2+ 0-1

[Event "40th ECC Open 2025"]
[Site "Rhodes GRE"]
[Date "2025.10.20"]
[Round "2.58"]
[White "Deac, Bogdan-Daniel"]
[Black "Krause, Jonah"]
[Result "1/2-1/2"]
[WhiteTitle "GM"]
[BlackTitle "FM"]
[WhiteElo "2655"]
[BlackElo "2350"]
[WhiteTeam "SuperChess"]
[BlackTeam "FC St. Pauli"]
[WhiteFideId "1226380"]
[BlackFideId "12907910"]
[EventDate "2025.10.19"]
[EventType "team"]

1. e4 c5 2. Nf3 e6 3. b3 b6 4. Bb2 Bb7 5. Qe2 Nc6 6. d3 d6 7. g3 Nf6 8. Bg2 Be7
9. O-O O-O 10. Nbd2 Re8 11. h3 e5 12. Rfe1 Bf8 13. Nh2 b5 14. a4 a6 15. Qd1 g6
16. Ng4 Bg7 17. Nf1 h5 18. Nxf6+ Bxf6 19. h4 Nd4 20. c3 Nc6 21. Ne3 b4 22. Nd5
bxc3 23. Nxf6+ Qxf6 24. Bxc3 Nd4 25. b4 cxb4 26. Bxb4 Rac8 27. Ra2 Rc6 28. Bd2
Bc8 29. Bg5 Qe6 30. Rb2 Qg4 31. Be3 Qxd1 32. Rxd1 Bg4 33. Rdb1 Nf3+ 34. Kh1 Rec8
35. a5 Rc3 36. Bf1 Ra3 37. Kg2 Rxa5 38. Be2 Nd4 39. Bxg4 hxg4 40. Bxd4 exd4 41.
Rb6 Rc3 42. Rd1 Raa3 43. Rxd6 Rxd3 44. Rxd3 Rxd3 45. Rxa6 Rd1 46. Rd6 Kf8 47. f4
gxf3+ 48. Kxf3 Ke7 49. Rd5 Ke6 50. Rd8 Rd3+ 51. Kf4 Rd1 52. Kf3 Rd3+ 53. Kf4 Rd1
54. Kf3 Rd3+ 1/2-1/2

[Event "40th ECC Open 2025"]
[Site "Rhodes GRE"]
[Date "2025.10.20"]
[Round "2.59"]
[White "Sawatzki, Frank"]
[Black "Dardha, Daniel"]
[Result "0-1"]
[WhiteTitle "FM"]
[BlackTitle "GM"]
[WhiteElo "2337"]
[BlackElo "2605"]
[WhiteTeam "FC St. Pauli"]
[BlackTeam "SuperChess"]
[WhiteFideId "4613600"]
[BlackFideId "240990"]
[EventDate "2025.10.19"]
[EventType "team"]

1. e4 c5 2. Nf3 d6 3. Bb5+ Bd7 4. c4 g6 5. O-O Bg7 6. Bxd7+ Nxd7 7. Nc3 a6 8. a4
Rc8 9. Rb1 Ngf6 10. d3 O-O 11. h3 e6 12. Re1 Nb8 13. b4 Nfd7 14. Ne2 cxb4 15.
Rxb4 Nc5 16. Be3 Nc6 17. Bxc5 dxc5 18. Rxb7 Qa5 19. Nd2 Rfd8 20. Nb3 Qxa4 21.
Qb1 Qa3 22. Nbc1 Rb8 23. Qb6 Rxb7 24. Qxb7 Qb4 0-1

[Event "40th ECC Open 2025"]
[Site "Rhodes GRE"]
[Date "2025.10.20"]
[Round "2.60"]
[White "Lupulescu, Constantin"]
[Black "Eberle, Triona"]
[Result "1-0"]
[WhiteTitle "GM"]
[WhiteElo "2577"]
[BlackElo "2008"]
[WhiteTeam "SuperChess"]
[BlackTeam "FC St. Pauli"]
[WhiteFideId "1207822"]
[BlackFideId "34627731"]
[EventDate "2025.10.19"]
[EventType "team"]

1. d4 Nf6 2. c4 e6 3. Nc3 Bb4 4. Qc2 c5 5. dxc5 Na6 6. Bd2 Nxc5 7. e3 O-O 8. Nf3
d6 9. Be2 Bd7 10. O-O Rc8 11. b3 d5 12. Nxd5 Nxd5 13. cxd5 Na4 14. Bc4 Be7 15.
Qb1 exd5 16. Bd3 Nc3 17. Bxc3 Rxc3 18. Bxh7+ Kh8 19. Bf5 Bf6 20. Bxd7 Qxd7 21.
Qd1 Rfc8 22. Nd4 Kg8 23. h3 a6 24. Qd2 Bxd4 25. Qxd4 Rc2 26. e4 Re2 27. Rfe1
Rcc2 28. Rxe2 Rxe2 29. exd5 Qd6 30. a4 Re5 31. Rd1 Re8 32. a5 Rd8 33. b4 Kf8 34.
Qc5 Ke7 35. h4 Kd7 36. Rc1 Rh8 37. g3 Qxc5 38. bxc5 Rh5 39. c6+ bxc6 40. Rxc6
Rxd5 41. Rxa6 Rd1+ 42. Kg2 Ra1 43. g4 Ke7 44. h5 Ra4 45. Kg3 f6 46. Ra7+ Kf8 47.
Ra8+ Kf7 48. a6 Ra2 49. a7 Ra3+ 50. f3 Ra1 51. f4 Ra3+ 52. Kf2 Ra2+ 53. Ke3 Ra4
54. g5 fxg5 55. fxg5 g6 56. h6 1-0

[Event "40th ECC Open 2025"]
[Site "Rhodes GRE"]
[Date "2025.10.20"]
[Round "2.61"]
[White "Eljanov, Pavel"]
[Black "Petkidis, Anthony"]
[Result "1/2-1/2"]
[WhiteTitle "GM"]
[BlackTitle "IM"]
[WhiteElo "2657"]
[BlackElo "2464"]
[WhiteTeam "Tuxera Aquaprofit Nagykanizsai Sakk Klub"]
[BlackTeam "HSK Lister Turm"]
[WhiteFideId "14102951"]
[BlackFideId "24673390"]
[EventDate "2025.10.19"]
[EventType "team"]

1. c4 Nf6 2. Nc3 e6 3. d4 Bb4 4. Qc2 d5 5. cxd5 exd5 6. Bg5 h6 7. Bh4 c5 8. dxc5
O-O 9. e3 Be6 10. Nf3 Nbd7 11. Be2 g5 12. Bg3 Ne4 13. O-O Bxc3 14. bxc3 Nxg3 15.
fxg3 Nxc5 16. Nd4 Qe7 17. Rae1 Rac8 18. Bf3 Ne4 19. Bxe4 dxe4 20. Qxe4 Rxc3 21.
Nf5 Qf6 22. Nd6 Qg7 23. Qxb7 Rc2 24. Qe4 Rxa2 25. Nf5 Bxf5 26. Rxf5 Ra1 27. Rxa1
Qxa1+ 28. Rf1 Qc3 29. h4 Qg7 30. Rf5 Kh8 31. Qc6 gxh4 32. gxh4 Rg8 33. Rf6 Kh7
34. Qe4+ Kh8 35. Qc6 Kh7 36. Qf3 Rf8 37. e4 Kg8 38. e5 Rb8 39. Qd5 Rb1+ 40. Kh2
Rb6 41. Rf3 Rg6 42. Rb3 Re6 43. Qa8+ Kh7 44. Rg3 Rg6 45. Qe4 Kh8 46. Rc3 Qf8 47.
Rc7 a6 48. Ra7 Kg7 49. Rd7 Qe8 50. Qd4 Qe6 51. Rd6 Qg4 52. Qxg4 1/2-1/2

[Event "40th ECC Open 2025"]
[Site "Rhodes GRE"]
[Date "2025.10.20"]
[Round "2.62"]
[White "Knuedel, Torben"]
[Black "Gledura, Benjamin"]
[Result "0-1"]
[WhiteTitle "FM"]
[BlackTitle "GM"]
[WhiteElo "2382"]
[BlackElo "2643"]
[WhiteTeam "HSK Lister Turm"]
[BlackTeam "Tuxera Aquaprofit Nagykanizsai Sakk Klub"]
[WhiteFideId "16208820"]
[BlackFideId "712779"]
[EventDate "2025.10.19"]
[EventType "team"]

1. e4 e6 2. c3 d5 3. e5 c5 4. Nf3 Nc6 5. d4 Bd7 6. Be2 cxd4 7. cxd4 Nge7 8. Nc3
Nf5 9. O-O Rc8 10. Kh1 Bb4 11. g4 Nfe7 12. Nb5 a6 13. Nd6+ Bxd6 14. exd6 Ng6 15.
Be3 O-O 16. Rg1 Be8 17. h4 Qxd6 18. h5 Nge7 19. Qd2 f6 20. Rac1 Bf7 21. Nh4 Qb4
22. Rc3 e5 23. a3 Qd6 24. dxe5 fxe5 25. Bc5 Qd8 26. g5 d4 27. Rcg3 Bd5+ 28. f3
b6 29. Bxe7 Qxe7 30. Bxa6 Rce8 31. Re1 Qd6 32. Qh2 e4 33. fxe4 Rxe4 34. Rxe4
Bxe4+ 35. Kg1 Qc5 36. Qd2 d3+ 37. Re3 Qxg5+ 0-1

[Event "40th ECC Open 2025"]
[Site "Rhodes GRE"]
[Date "2025.10.20"]
[Round "2.63"]
[White "Yuffa, Daniil"]
[Black "Hoerstmann, Martin"]
[Result "1-0"]
[WhiteTitle "GM"]
[BlackTitle "FM"]
[WhiteElo "2621"]
[BlackElo "2282"]
[WhiteTeam "Tuxera Aquaprofit Nagykanizsai Sakk Klub"]
[BlackTeam "HSK Lister Turm"]
[WhiteFideId "24131423"]
[BlackFideId "4602730"]
[EventDate "2025.10.19"]
[EventType "team"]

1. d4 g6 2. c4 Bg7 3. e4 d6 4. Nc3 e5 5. d5 a5 6. Nf3 Na6 7. Be2 Kf8 8. Bg5 f6
9. Bh4 Bh6 10. Bg3 f5 11. exf5 Bxf5 12. O-O Nf6 13. Bh4 Nc5 14. Ng5 Bxg5 15.
Bxg5 h6 16. Be3 Kg7 17. f4 exf4 18. Rxf4 Rf8 19. Bd4 Kh7 20. Qf1 Qe7 21. g4 Nxg4
22. Bxg4 Bxg4 23. Re1 Be2 24. Rxf8 Rxf8 25. Qxe2 1-0